Les éléments dans Yo-Kai-Watch - Statistiques

Statistiques générales
  • Ce quiz a été pris 189 fois
  • Le résultat moyen est 6 sur 8
Statistiques - réponses
Elements % Correct
Feu
100%
Eau
93%
Vent
83%
Glace
77%
Terre
76%
Foudre
74%
Soin
36%
Absorption
24%
Aucun quiz correspondant
Distribution des résultats
% des personnes avec chaque résultat
Percentile par nombre de réponses
Votre historique - résultats
Vous n’avez pas pris ce quiz